[Event "3. Open de Calviá 2006 Aficionados"]
[Site "Calvia ESP"]
[Date "2006.10.19"]
[Round "9.11"]
[White "Galvao, Henrique"]
[Black "Moreno Cervera, Jose Luis"]
[Result "1-0"]
[WhiteElo "2181"]
[BlackElo "1959"]
[PlyCount "41"]
[EventDate "2006.10.20"]
[EventType "swiss"]
[EventRounds "9"]
[EventCountry "ESP"]
[Source "lmi"]
[SourceDate "2006.10.20"]

1. e4 d5 2. d4 dxe4 3. Nc3 Nf6 4. f3 exf3 5. Nxf3 Bg4 6. Bc4 e6 7. h3 Bxf3 8.
Qxf3 c6 9. Be3 Nbd7 10. O-O-O Nb6 11. Bb3 a5 12. d5 Nbxd5 13. Ne4 a4 14. Bc4
Nxe4 15. Qxe4 b5 16. Rxd5 Qb8 17. Rxb5 cxb5 18. Qc6+ Ke7 19. Bc5+ Kf6 20. Qf3+
Kg6 21. Qg4+ 1-0

[Event "3. Open de Calviá 2006 Aficionados"]
[Site "Calvia ESP"]
[Date "2006.10.19"]
[Round "9.13"]
[White "Perez Prieto, German"]
[Black "Vazquez Gonzalez, Jesus"]
[Result "0-1"]
[WhiteElo "2079"]
[BlackElo "2185"]
[PlyCount "85"]
[EventDate "2006.10.20"]
[EventType "swiss"]
[EventRounds "9"]
[EventCountry "ESP"]
[Source "lmi"]
[SourceDate "2006.10.20"]

1. f4 g6 2. Nf3 Bg7 3. g3 d6 4. Bg2 e5 5. fxe5 dxe5 6. O-O Nc6 7. d3 Nge7 8. e4
O-O 9. Be3 f5 10. Nc3 f4 11. gxf4 exf4 12. Bc5 Bg4 13. Qe1 b6 14. Bf2 Ne5 15.
Nxe5 Bxe5 16. h3 Bh5 17. Bh1 Qd7 18. Kh2 Nc6 19. Rd1 Bxd1 20. Nxd1 Rae8 21. Bf3
Nd4 22. Bxd4 Qxd4 23. Nc3 c6 24. h4 Qb4 25. Nd1 Qa4 26. Qd2 Qxa2 27. d4 Rd8 28.
c3 Qe6 29. Qe2 Bg7 30. Nf2 Qf6 31. Kh3 h5 32. Rg1 c5 33. d5 Rfe8 34. c4 Kh7 35.
Nd3 Re7 36. Bxh5 gxh5 37. Qxh5+ Bh6 38. e5 Qf7 39. Qf3 Qf5+ 40. Kh2 Rg7 41. Re1
Rg4 42. Qe4 Qxe4 43. Rxe4 0-1

[Event "3. Open de Calviá 2006 Aficionados"]
[Site "Calvia ESP"]
[Date "2006.10.19"]
[Round "9.14"]
[White "Sarto Ramos, Angel"]
[Black "Hutchinson, Paul A"]
[Result "0-1"]
[WhiteElo "2069"]
[BlackElo "2178"]
[PlyCount "68"]
[EventDate "2006.10.20"]
[EventType "swiss"]
[EventRounds "9"]
[EventCountry "ESP"]
[Source "lmi"]
[SourceDate "2006.10.20"]

1. d4 d5 2. Nf3 Nf6 3. Bf4 c6 4. Nc3 Bf5 5. h3 h6 6. e3 g5 7. Bh2 e6 8. a3 Nbd7
9. Ne5 Nxe5 10. Bxe5 Rg8 11. Bd3 g4 12. Bxf5 exf5 13. hxg4 Rxg4 14. Qf3 Rg5 15.
O-O-O Ne4 16. Nxe4 dxe4 17. Qh3 Qd5 18. Kb1 Qe6 19. g3 O-O-O 20. c4 Qxc4 21.
Bf6 Bxa3 22. f4 Qb3 23. Rd2 Qxe3 24. fxg5 Qxd2 25. Qh2 Qd3+ 26. Qc2 Qf3 27. Rh2
Rd5 28. gxh6 Qf1+ 29. Qc1 Qd3+ 30. Qc2 Qf1+ 31. Qc1 Qd3+ 32. Ka1 Bb4 33. Qc2
Ra5+ 34. Kb1 Qa6 0-1

[Event "3. Open de Calviá 2006 Aficionados"]
[Site "Calvia ESP"]
[Date "2006.10.19"]
[Round "9.15"]
[White "Ruiz Vinals, Matias"]
[Black "Oliver Serrano, Angel"]
[Result "1-0"]
[WhiteElo "2030"]
[BlackElo "2153"]
[PlyCount "41"]
[EventDate "2006.10.20"]
[EventType "swiss"]
[EventRounds "9"]
[EventCountry "ESP"]
[Source "lmi"]
[SourceDate "2006.10.20"]

1. d4 Nf6 2. c4 g6 3. Nc3 d5 4. Bf4 Bg7 5. e3 c5 6. dxc5 Qa5 7. Rc1 O-O 8. cxd5
Ne4 9. Nge2 Rd8 10. f3 Nxc5 11. a3 Ne6 12. Bg3 Na6 13. Qc2 Rxd5 14. b4 Nxb4 15.
axb4 Qxb4 16. Qe4 Qxe4 17. Nxe4 f5 18. N4c3 Rd3 19. Kf2 Bh6 20. Nf4 Nxf4 21.
Bxf4 1-0

[Event "3. Open de Calviá 2006 Aficionados"]
[Site "Calvia ESP"]
[Date "2006.10.19"]
[Round "9.16"]
[White "Astorga Talavera, Juan Manuel"]
[Black "Luijpen, Michiel"]
[Result "1/2-1/2"]
[WhiteElo "1974"]
[BlackElo "2126"]
[PlyCount "55"]
[EventDate "2006.10.20"]
[EventType "swiss"]
[EventRounds "9"]
[EventCountry "ESP"]
[Source "lmi"]
[SourceDate "2006.10.20"]

1. d4 Nf6 2. c4 g6 3. Nc3 d5 4. cxd5 Nxd5 5. e4 Nxc3 6. bxc3 Bg7 7. Rb1 O-O 8.
Nf3 c5 9. Bc4 Nc6 10. Bd5 cxd4 11. cxd4 Bg4 12. Bxc6 bxc6 13. Be3 Qd7 14. e5
Rfd8 15. O-O Qd5 16. h3 Bf5 17. Rc1 Qxa2 18. Rxc6 Rd7 19. Qa1 Qb3 20. Rfc1 Rb7
21. Nd2 Qb4 22. Ra6 h5 23. Rc4 Qb5 24. Rc5 Qd7 25. Qc3 Rab8 26. Rac6 Be6 27.
Rc7 Rxc7 28. Rxc7 1/2-1/2

[Event "3. Open de Calviá 2006 Aficionados"]
[Site "Calvia ESP"]
[Date "2006.10.19"]
[Round "9.17"]
[White "Juan Mas, Santiago"]
[Black "Galiana, Juan Ramon"]
[Result "1-0"]
[WhiteElo "2059"]
[BlackElo "2291"]
[PlyCount "47"]
[EventDate "2006.10.20"]
[EventType "swiss"]
[EventRounds "9"]
[EventCountry "ESP"]
[Source "lmi"]
[SourceDate "2006.10.20"]

1. d4 f5 2. Bg5 g6 3. Nc3 Nh6 4. e4 fxe4 5. f3 Nf7 6. Be3 Bg7 7. fxe4 c5 8. Bc4
e6 9. Nge2 Nd6 10. Bb5 a6 11. Ba4 b5 12. dxc5 Nc4 13. Bd4 e5 14. Bf2 d5 15.
Nxb5 O-O 16. Nd6 Nxd6 17. Qxd5+ Nf7 18. Qxa8 Bg4 19. Nc3 Qg5 20. Bb3 Nd7 21.
Qa7 Nf6 22. c6 Bc8 23. Bc5 Bh6 24. O-O 1-0

[Event "3. Open de Calviá 2006 Aficionados"]
[Site "Calvia ESP"]
[Date "2006.10.19"]
[Round "9.18"]
[White "Schenk Papke, Andres"]
[Black "Delgadillo Torrico, Felipe"]
[Result "1-0"]
[WhiteElo "2155"]
[BlackElo "2065"]
[PlyCount "139"]
[EventDate "2006.10.20"]
[EventType "swiss"]
[EventRounds "9"]
[EventCountry "ESP"]
[Source "lmi"]
[SourceDate "2006.10.20"]

1. d4 Nf6 2. Nf3 d5 3. g3 Bg4 4. Bg2 e6 5. O-O Bxf3 6. Bxf3 Be7 7. c4 c6 8. b3
O-O 9. Bb2 Nbd7 10. Nd2 Rc8 11. e4 dxe4 12. Nxe4 Nxe4 13. Bxe4 Bf6 14. Qc2 g6
15. Rad1 Bg7 16. h4 h5 17. Rd2 Nf6 18. Bg2 Qc7 19. Qd1 Rfd8 20. Qf3 Ne8 21.
Rfd1 Rd7 22. b4 Nd6 23. Qb3 Rcd8 24. Rd3 Nf5 25. d5 Bxb2 26. Qxb2 cxd5 27. cxd5
exd5 28. Rxd5 Rxd5 29. Rxd5 Rxd5 30. Bxd5 Ne7 31. Bb3 Qd6 32. a3 Nc6 33. Qe2
Kf8 34. Qf3 Nd8 35. Bd5 Qe7 36. Kg2 b6 37. Qc3 Kg8 38. Bf3 Kh7 39. a4 Kg8 40.
a5 bxa5 41. bxa5 Ne6 42. Qc8+ Kg7 43. Bd5 Nc7 44. Bc6 Ne6 45. a6 Qc5 46. Qb7
Qd4 47. Bd5 Kf6 48. Qc6 Qc5 49. Qxc5 Nxc5 50. Bc4 Ke7 51. Kf3 f6 52. Ke3 g5 53.
Kd4 Nd7 54. Be2 gxh4 55. gxh4 Nb8 56. Kd5 f5 57. Bb5 Kf6 58. Kd6 f4 59. f3 Kf5
60. Bd3+ Kf6 61. Kc7 Nxa6+ 62. Bxa6 Ke5 63. Kd7 Kd4 64. Ke6 Ke3 65. Kf5 Kxf3
66. Kg5 Kg3 67. Kxh5 f3 68. Kg5 f2 69. h5 Kg2 70. h6 1-0

[Event "3. Open de Calviá 2006 Aficionados"]
[Site "Calvia ESP"]
[Date "2006.10.19"]
[Round "9.19"]
[White "Castell Cantero, Salvador"]
[Black "Fischer, Marcel"]
[Result "0-1"]
[WhiteElo "2111"]
[BlackElo "2004"]
[PlyCount "116"]
[EventDate "2006.10.20"]
[EventType "swiss"]
[EventRounds "9"]
[EventCountry "ESP"]
[Source "lmi"]
[SourceDate "2006.10.20"]

1. d4 d5 2. c4 c6 3. Nc3 Nf6 4. Nf3 dxc4 5. a4 Bf5 6. Bf4 e6 7. e3 c5 8. Bxc4
Nc6 9. Bb5 a6 10. Bxc6+ bxc6 11. O-O Be7 12. Ne5 Rc8 13. dxc5 Qxd1 14. Rfxd1
Bxc5 15. Rac1 Ba7 16. Ne2 Be4 17. Nc3 Bf5 18. Na2 Be4 19. Nb4 c5 20. Nbd3 Ke7
21. Nc4 Rhd8 22. Nde5 Nh5 23. Bg3 Nxg3 24. hxg3 f6 25. f3 Rxd1+ 26. Rxd1 Bd5
27. e4 Bxc4 28. Nxc4 Rd8 29. Rxd8 Kxd8 30. Kf2 Kc7 31. Ke3 Kc6 32. Kd3 Bb8 33.
f4 Bc7 34. Ke3 Bb8 35. g4 Bc7 36. f5 exf5 37. gxf5 g6 38. g4 gxf5 39. gxf5 h5
40. Kf3 h4 41. Kg4 Bg3 42. b3 Be1 43. e5 fxe5 44. f6 Kd7 45. Nxe5+ Ke6 46. f7
Ke7 47. Ng6+ Kxf7 48. Nxh4 Bxh4 49. Kxh4 Ke6 50. Kg4 Kd5 51. Kf3 Kd4 52. Ke2
Kc3 53. a5 Kxb3 54. Kd3 c4+ 55. Kd4 c3 56. Kc5 c2 57. Kb6 c1=Q 58. Kxa6 Qc5 0-1